Ֆերդինանտ Բժիշկյան / (Record no. 86601)
[ view plain ]
| 000 -LEADER | |
|---|---|
| fixed length control field | 00623nam a2200193 u 4500 |
| 001 - CONTROL NUMBER | |
| control field | 000243730 |
| 003 - CONTROL NUMBER IDENTIFIER | |
| control field | AM-YeHGA |
| 005 - DATE AND TIME OF LATEST TRANSACTION | |
| control field | 20250618071628.0 |
| 008 - FIXED-LENGTH DATA ELEMENTS--GENERAL INFORMATION | |
| fixed length control field | 030707s1970 ||||||||||||||||||||arm d |
| 040 ## - CATALOGING SOURCE | |
| Original cataloging agency | AM-YeHGA |
| 090 ## - LOCALLY ASSIGNED LC-TYPE CALL NUMBER (OCLC); LOCAL CALL NUMBER (RLIN) | |
| Classification number (OCLC) (R) ; Classification number, CALL (RLIN) (NR) | Բ-61 |
| 090 ## - LOCALLY ASSIGNED LC-TYPE CALL NUMBER (OCLC); LOCAL CALL NUMBER (RLIN) | |
| -- | 87885 |
| 100 1# - MAIN ENTRY--PERSONAL NAME | |
| Personal name | Հարությունյան, Սուրեն Սողոմոնի, |
| Dates associated with a name | 1909-1989 |
| 9 (RLIN) | 1193 |
| 245 10 - TITLE STATEMENT | |
| Title | Ֆերդինանտ Բժիշկյան / |
| Statement of responsibility, etc. | Ս. Հարությունյան ; ՀԹԸ. |
| 260 ## - PUBLICATION, DISTRIBUTION, ETC. | |
| Place of publication, distribution, etc. | Երևան : |
| Name of publisher, distributor, etc. | ՀԹԸ, |
| Date of publication, distribution, etc. | 1970. |
| 300 ## - PHYSICAL DESCRIPTION | |
| Extent | 89 էջ. |
| 440 #0 - SERIES STATEMENT/ADDED ENTRY--TITLE | |
| Title | Սովետահայ բեմի վարպետներ |
| 600 14 - SUBJECT ADDED ENTRY--PERSONAL NAME | |
| Personal name | Բժիշկյան, Ֆերդինանտ |
| Withdrawn status | Lost status | Damaged status | Not for loan | Collection | Home library | Current library | Date acquired | Total checkouts | Full call number | Barcode | Date last seen | Cost, replacement price | Price effective from | Koha item type | Public note |
|---|---|---|---|---|---|---|---|---|---|---|---|---|---|---|---|
| General | Fundamental Scientific Library | Fundamental Scientific Library | 22/12/2016 | AI/12259 | FL0051085 | 22/12/2016 | 18.00 | 22/12/2016 | Գրքեր / Books | 30 Days Loan | |||||
| General | Fundamental Scientific Library | Fundamental Scientific Library | 22/12/2016 | AI/13407 | FL0052634 | 22/12/2016 | 18.00 | 22/12/2016 | Գրքեր / Books | 30 Days Loan | |||||
| General | Fundamental Scientific Library | Fundamental Scientific Library | 22/12/2016 | AI/13408 | FL0052635 | 22/12/2016 | 32.00 | 22/12/2016 | Գրքեր / Books | 30 Days Loan | |||||
| General | Fundamental Scientific Library | Fundamental Scientific Library | 22/12/2016 | AI/13409 | FL0052636 | 22/12/2016 | 32.00 | 22/12/2016 | Գրքեր / Books | 30 Days Loan | |||||
| General | Fundamental Scientific Library | Fundamental Scientific Library | 22/12/2016 | AI/13410 | FL0052637 | 22/12/2016 | 32.00 | 22/12/2016 | Գրքեր / Books | 30 Days Loan |
ՀՀ Գիտությունների ազգային ակադեմիայի հիմնարար գիտական գրադարան = Fundamental Scientific Library of NAS RA
All site content, except where otherwise noted, is licensed under a